Casa de las Américas /

Gardado en:
Detalles Bibliográficos
Autor Principal: Fernández Retamar, Roberto, 1930-
Formato: Desconocido
Idioma:Spanish
Materias:
Etiquetas: Engadir etiqueta
Sen Etiquetas, Sexa o primeiro en etiquetar este rexistro!

MARC

LEADER 000000000a22000000004500
001 001932
041 0 |a spa 
100 1 |a Fernández Retamar, Roberto,   |d 1930- 
245 1 0 |a Casa de las Américas /   |c Roberto Fernández Retamar. 
310 |a trimestral 
650 4 |a CASA DE LAS AMERICAS 
650 4 |a TORMENTA DEL SIGLO 
650 4 |a FERNANDEZ RETAMAR, ROBERTO, 1930- 
650 4 |a OLOKUN 
650 4 |a NUEVO EDIFICIO 
650 4 |a CHOFRE, FRANCISCO 
650 4 |a LA ODILCA 
650 4 |a CUBA 
773 0 |d España : CEXECI  |t Con Eñe: Revista de cultura hispanoamericana  |g número 0 (1997), página 21 
942 |c ARC 
999 |c 9735  |d 9735